| 000 | 00772cam a2200241 4500 | ||
|---|---|---|---|
| 001 | agr64000429 | ||
| 003 | DLC | ||
| 005 | 20260227111023.0 | ||
| 008 | 710119s1964 dcub 000 0 eng c | ||
| 010 | _aagr64000429 | ||
| 040 |
_aU.S. Nat'l Agr. Libr. _cDLC _dOCoLC _dDLC |
||
| 043 | _an-us--- | ||
| 050 | 0 | 0 |
_aS21 _b.A35 1964 |
| 070 | 0 | _a1Ag84Y 1964 | |
| 110 | 1 |
_aUnited States. _bDepartment of Agriculture. |
|
| 245 | 1 | 0 | _aFarmer's world. |
| 260 |
_a[Washington] _bU.S. Govt. Print. Off. _c[1964] |
||
| 300 |
_axiv, 592 p. _bmaps. _c24 cm. |
||
| 490 | 1 |
_aIts Yearbook of agriculture, _v1964 |
|
| 650 | 0 |
_aAgriculture _zUnited States. |
|
| 650 | 0 |
_aAgriculture _xEconomic aspects _zUnited States. |
|
| 830 | 0 |
_aYearbook of agriculture (Washington, D.C. : 1926) ; _v1964. |
|
| 999 |
_c11962 _d11962 |
||